000 01062nam a2200241Ia 4500
003 Ost
005 20260507075548.0
008 260507s9999||||xx |||||||||||||| ||und||
020 _a9774083865
040 _cfsecg
041 _aara
082 _a658.85
100 _aفاربر، باري
_eمؤلف
245 0 _aتعلم أسرار البيع من العملاء /
_c باري فاربر
260 _aالقاهرة:
_bدار الفاروق للنشر والتوزيع,
_c2006
300 _a104 صفحة؛
_bإيضاحات ؛
_c24 سم
490 _aسلسلة مهارات التسويق الحديثة
520 _aيضم أمور يفضلها العملاء في مندوبي المبيعات، أمور لا يفضلها العملاء في مندوبي المبيعات، الحصول على تقارير إفادة من العملاء، أسرار نجاح مندوبي المبيعات
653 _aالباعة وفن البيع
653 _aالبيع
700 _aالعامري، خالد
_eمؤلف ثانوي
942 _cكتاب
999 _c44902
_d44902